Errate die deutsche Stadt anhand dessen japanische Namen - Statistiken

Allgemein
  • Dieses Quiz wurde 195 mal gespielt
  • Das Durchschnittsergebnis liegt bei 11 aus 15
Antwortstatistiken
Japanischer Name Deutscher Name % Korrekt
ベルリン Berlin
98%
ミュンヘン München
95%
ハムブルグ Hamburg
94%
ケルン Köln
89%
シュトトガルド Stuttgart
86%
フランクフルト Frankfurt
85%
ドレスデン Dresden
83%
ヂュせルドルフ Düsseldorf
83%
ドルトムント Dortmund
80%
ライプチグ Leipzig
78%
エッセン Essen
76%
ニュレンベルグ Nürnberg
76%
マインツ Mainz
66%
コットブス Cottbus
32%
ヘルネ Herne
25%
Keine übereinstimmenden Quizze gefunden
Verteilung der Resultate
Anzahl Personen mit jedem Resultat
Perzentil nach korrekt beantworteten Fragen
Ihre Resultats-Entwicklung
Sie haben dieses Quiz noch nicht gespielt